000
00340nam a2200145Ia 4500
008
150201s2008 xx 000 0 und d
082
_a
610
_b
R08B
100
_a
BAKER,EMMA
245
_a
RESPIRATORY MEDICINE
250
_a
1ST
260
_b
WILEY BLACWELL
_a
UK
_c
2008
300
_a
1-259
650
_a
MEDICINE AND DIAGNOSIS
942
_2
ddc
_c
BK
999
_c
571
_d
571